Statistics for X Marks the Spot

Click here to take the quiz!

General Stats

  • This quiz has been taken 31 times
  • The average score is 10 of 21

Answer Stats

HintAnswer% Correct
US StateTexas
93%
Female foxVixen
89%
US PresidentNixon
86%
Mended, repairedFixed
82%
Three scoreSixty
68%
Egyptian Nile cityLuxor
64%
Uber adversariesTaxis
64%
Live together peacefullyCoexist
64%
PugilistBoxer
54%
Plump, curvaceousBuxom
46%
Engels' subjectMarxism
43%
Aluminium's oreBauxite
39%
Sprite, impPixie
36%
Odiously annoyingObnoxious
36%
SuffocatesAsphyxiates
32%
Alchemist's potionsElixirs
25%
Greek islandNaxos
21%
Nearly correctApproximate
21%
Persuading by flatteryCoaxing
18%
Putting a hex onJinxing
18%
Not drunk, soberUnintoxicated
14%

Score Distribution

Percentile by Number Answered

Percent of People with Each Score

Your Score History

You have not taken this quiz